Statistics for Transformers: Age of Extinction Characters Quiz

Click here to take the quiz!

General Stats

  • This quiz has been taken 68 times
  • The average score is 15 of 31

Answer Stats

Actor/ActressDescriptionCharacter% Correct
Mark WahlbergA single father and struggling inventorCade Yeager
92%
Peter CullenThe leader of the Autobots who initially transforms into a rusty Marmon 97 semi truck and later, a blue and red Western Star 5700 XE semi-trailer truckOptimus Prime
92%
Nicola PeltzCade's daughter who is secretly dating ShaneTessa Yeager
85%
Robert FoxworthThe Autobot medical officer who transforms into a white and green 2004 search and rescue Hummer H2 ambulanceRatchet
83%
NoneAn Autobot scout who plays some voice clips and transforms into a modified 1967 Chevrolet Camaro and later, a 2014 Chevrolet Camaro conceptBumblebee
83%
John GoodmanAn Autobot commando who transforms into an Oshkosh Defense Medium Tactical VehicleHound
81%
Ken WatanabeAn Autobot tactician and a former Decepticon who transforms into a black and blue 2013 Bugatti Veyron 16.4 Grand Sport Vitesse and a Sikorsky S-97 Raider HelicopterDrift
77%
Jack ReynorTessa's boyfriend and an Irish rally car driverShane Dyson
75%
Mark RyanA Cybertronian bounty hunter and a former Decepticon who transforms into a grey 2013 Lamborghini Aventador LP 700–4 Coupe and works for the Creators to bring Optimus Prime to themLockdown
71%
Frank WelkerA human-made KSI Transformer modeled after Optimus Prime, who becomes possessed by Megatron, and molecularly transforms into a black and grey 2014 Freightliner Argosy cab over trailer truckGalvatron
71%
John DiMaggioAn Autobot paratrooper who transforms into a green 2014 Chevrolet Corvette C7 StingrayCrosshairs
71%
NoneThe leader of the Dinobots who transforms into a mechanical horned fire breathing TyrannosaurusGrimlock
67%
NoneA human-made KSI Transformer modeled after Bumblebee who later becomes a Decepticon spy and sabotage specialist and molecularly transforms into a red and black 2013 Pagani HuayraStinger
65%
Stanley TucciThe ambitiously arrogant head of KSI who wants to build his own TransformersJoshua Joyce
60%
Reno WilsonA former Decepticon drone turned Autobot who lost his right legBrains
52%
Robert FoxworthAn Autobot Wrecker who makes a cameo in a video footage after Cade stole the spy droneLeadfoot
50%
T. J. MillerCade's best friend and a mechanicLucas Flannery
50%
NoneThe savage destroyer amongst the Dinobots who transforms into a mechanical spiked and bestial TriceratopsSlug
38%
NoneA Dinobot who specializes in assault infantry and transforms into a mechanical two-headed and two-tailed PteranodonStrafe
35%
NoneThe Dinobots' demolition specialist who transforms into a mechanical three-sailed SpinosaurusScorn
33%
Kelsey GrammerA paranoid CIA director and government official who created the Cemetery Wind to eliminate all Transformers, Autobot or Decepticon, from EarthHarold Attinger
31%
Titus WelliverA ruthless CIA Agent and field leader of the Cemetery Wind working for AttingerJames Savoy
23%
NoneA human-made KSI Transformer who has a three-man splitting technique and later becomes a Decepticon under Galvatron's control and molecularly transforms into a Mack garbage truck of Waste Management, IncJunkheap
23%
Sophia MylesJoshua's geologist assistantDarcy Tirrel
21%
NoneThe human-made KSI Transformers modeled after Roadbuster who later become Decepticons under Galvatron's control and molecularly transform into red/blue/black/white Chevrolet TraxesTraxes
10%
Li BingbingOwner of the Chinese factory used by KSI to build their artificial TransformersSu Yueming
10%
NoneThe two-headed human-made KSI Transformers modeled from the remains of Shockwave who later became Decepticons under Galvatron's controlTwo-Heads
8%
James BachmanA scientist working with Joshua Joyce at KSIGill Wembley
6%
NoneThe human-made KSI Transformers modeled after Barricade who later become Decepticons under Galvatron's controlKSI Bosses
2%
Zou ShimingA man who helps Joshua and Yueming in Hong KongElevator Boxer
0%
Han GengA man playing the guitar and singing in a parked car that is magnetized by Lockdown's shipConvertible Passenger
0%

Score Distribution

Percentile by Number Answered

Percent of People with Each Score

Your Score History

You have not taken this quiz